| 000 | 00675nam a2200205 4500 | ||
|---|---|---|---|
| 999 |
_c64193 _d64193 |
||
| 003 | Ge_BSU | ||
| 005 | 20260430170640.0 | ||
| 008 | 260430s2004 fr ||||| |||| 00| 0 fre d | ||
| 020 | _a9782247055999x | ||
| 041 | _afre | ||
| 080 | _a339 L-53 | ||
| 100 |
_aLemeunier, Francis _927402 |
||
| 245 |
_aFonds de commerce : _bAchat et vente - Exploitation et gérance / _c Francis Lemeunier. |
||
| 250 | _aSeizieme Edition | ||
| 264 |
_aParis, _bDelmas, _c2004. |
||
| 300 |
_a374 p.; _b25 cm. |
||
| 653 | _aბიზნეს აქტივები: ოპერაცია და მართვა | ||
| 653 | _aეკონომიკა | ||
| 942 |
_2udc _cᲬᲘᲒᲜᲘ |
||